Name That Ology Quiz Stats

 Plays Quiz Updated Oct 19, 2018

Score 0/24 Timer 06:00
3 Plays Today
Study of Guess % Correct
living organisms and vital processesBiology
84.6%
human social behaviorSociology
79.9%
mental processes and behavior in humansPsychology
78.4%
religious faith, practice, and experienceTheology
74.9%
heart and its action and diseasesCardiology
74.5%
the stars influences on human affairsAstrology
74.2%
the origin, history, and structure of the earthGeology
71.2%
crimeCriminology
69.2%
skin and related diseasesDermatology
65.3%
cancer and its treatmentOncology
63.4%
radioactive substances and high-energy radiationsRadiology
63.4%
humansAnthropology
58.3%
Study of Guess % Correct
material remains of past human life and activitiesArchaeology
52.1%
earthquakesSeismology
49.5%
the origin, composition, and therapeutic use of drugsPharmacology
48.6%
disorders of the nervous systemNeurology
46.7%
hearingAudiology
45.6%
birdsOrnithology
38.3%
life of past geological periods as known from fossil remainsPaleontology
38%
word originsEtymology
35.1%
the structure, physiology, development, and classification of animalsZoology
34.3%
volcanoesVolcanology
32.5%
locating and resolution of temporal sequence of past events in timeChronology
29.5%
aging and the problems of ageGerontology
23.8%

You're not logged in!

Compare scores with friends on all Sporcle quizzes.
OR
Log In

Sporcle TV

Today on Sporcle TV


Watch our educational content, quiz creation guides, and fun videos on Sporcle TV.

Show Comments

Extras

Top Quizzes Today


Score Distribution

Your Account Isn't Verified!

In order to create a playlist on Sporcle, you need to verify the email address you used during registration. Go to your Sporcle Settings to finish the process.

Report this User

Report this user for behavior that violates our Community Guidelines.

Details: